| 000 | 00627cam a22002291 4500 | ||
|---|---|---|---|
| 001 | sa 66003583 | ||
| 003 | DLC | ||
| 005 | 20260227112237.0 | ||
| 008 | 890511s1964 ii b 000 0 hino | ||
| 010 | _asa 66003583 | ||
| 035 | _a(OCoLC)19696333 | ||
| 040 |
_aDLC _cWaU _dDLC |
||
| 042 | _apremarc | ||
| 050 | 0 | 0 |
_aPK1939 _b.J28 |
| 100 | 1 |
_aJain, Kundan Lal, _d1914- |
|
| 245 | 1 | 0 | _aHindī ke rītikālīna-alaṅkāra-granthoṃ para Saṃskr̥ta kā prabhāva. |
| 260 | _c1964. | ||
| 300 |
_axvi, 395 p. _c23 cm. |
||
| 500 | _aIn Hindi. | ||
| 504 | _aBibliography: p. 392-395. | ||
| 650 | 0 |
_aHindi language _xRhetoric. |
|
| 999 |
_c68974 _d68974 |
||